Statistics for Hollow Knight Charms

Click here to take the quiz!

General Stats

  • This quiz has been taken 95 times
  • The average score is 33 of 42

Answer Stats

Answer% Correct
Dashmaster
94%
Grubsong
92%
Hiveblood
92%
Longnail
91%
Unbreakable Strength
91%
Fury of the Fallen
89%
Mark of Pride
89%
Thorns of Agony
89%
Unbreakable Heart
89%
Quick Focus
88%
Quick Slash
88%
Sprintmaster
88%
Unbreakable Greed
88%
Dreamshield
86%
Deep Focus
84%
Kingsoul
84%
Defender's Crest
83%
Flukenest
83%
Sharp Shadow
83%
Soul Catcher
83%
Grimmchild
81%
Wayward Compass
81%
Weaversong
81%
Joni's Blessing
80%
Spore Shroom
80%
Steady Body
78%
Void Heart
78%
Shaman Stone
77%
Baldur Shell
75%
Shape of Unn
75%
Heavy Blow
73%
Lifeblood Heart
73%
Lifeblood Core
70%
Grubberfly's Elegy
69%
Gathering Swarm
67%
Nailmaster's Glory
67%
Soul Eater
66%
Carefree Melody
63%
Spell Twister
63%
Dream Wielder
61%
Glowing Womb
61%
Stalwart Shell
59%

Score Distribution

Percentile by Number Answered

Percent of People with Each Score

Your Score History

You have not taken this quiz